000 00508nam a22001457a 4500
999 _c7757
_d7758
008 190326b ||||| |||| 00| 0 eng d
020 _a0521295939
082 _a970 B322p 1979
100 _aBasso, Keith H.
245 _aPortraits of the "Whiteman" ;
_bLinguistics play and cultural symbols among the western apache.
260 _aNew York ;
_bCambridge University Press,
_c1979.
300 _axxi, 120 p.
_c21 cm.
650 _2Apache Indians-Joking, Apache wit and humor-history and criticism
942 _2ddc